书目信息 |
| 题名: |
晶体生长形态学
|
|
| 作者: | 华素坤 , 钟维卓 著 | |
| 分册: | ||
| 出版信息: | 北京 科学出版社 1999 |
|
| 页数: | 425页 | |
| 开本: | 20cm | |
| 丛书名: | ||
| 单 册: | ||
| 中图分类: | O781 | |
| 科图分类: | ||
| 主题词: | 晶体生长 | |
| 电子资源: | ||
| ISBN: | 7-03-007353-3 | |
| 000 | 00578nam0 2200193 450 | |
| 001 | 0735592734 | |
| 005 | 20070906095312.73 | |
| 010 | @a7-03-007353-3@b精装@d¥28.00 | |
| 100 | @a20070906d km y0chiy0120 ea | |
| 101 | 0 | @achi |
| 200 | 1 | @a晶体生长形态学@Ajing ti sheng zhang xing tai xue@f钟维卓,华素坤著@Fzhong wei zhuo,hua su kun zhu |
| 210 | @a北京@c科学出版社@d1999 | |
| 215 | @a425页@d20cm | |
| 606 | 0 | @a晶体生长 |
| 690 | @aO781@v3 | |
| 701 | 0 | @a华素坤@Ahua su kun@4著 |
| 701 | 0 | @a钟维卓@Azhong wei zhuo@4著 |
| 801 | 0 | @aCN@bPFT@c20070906 |
| 905 | @a213230@dO781@eP2@f1 | |
| 晶体生长形态学/钟维卓,华素坤著.-北京:科学出版社,1999 |
| 425页;20cm |
| ISBN 7-03-007353-3(精装):¥28.00 |
| ● |
| 相关链接 |
|
|
|
|
正题名:晶体生长形态学
索取号:O781/P2
 
预约/预借
| 序号 | 登录号 | 条形码 | 馆藏地/架位号 | 状态 | 备注 |
| 1 | 7200214 | 272002147 | 物理系资料室/ [索取号:O781/P2] | 在馆 |